El camino latinoamericano hacia la competitividad políticas públicas para el desarrollo productivo y tecnológico (Registro nro. 166556)
[ vista simple ]
| 000 -ENCABEZADO | |
|---|---|
| Número de control [NR] | 01471nam a22003377a 4500 |
| 005 - FECHA Y HORA DE LA ÚLTIMA TRANSACCIÓN | |
| control field | 20140217151719.0 |
| 008 - DE LONGITUD FIJA DE DATOS DE ELEMENTOS - INFORMACIÓN GENERAL | |
| Elementos de longitud fija [NR] | 130516s2005 mx d grn 001 0 spa d |
| 020 ## - NUMERO INTERNACIONAL NORMALIZADO PARA LIBROS [R] | |
| Número Internacional Normalizado del libro [NR] | 9682325994 |
| 020 ## - NUMERO INTERNACIONAL NORMALIZADO PARA LIBROS [R] | |
| Número Internacional Normalizado del libro [NR] | 9789682325991 |
| 040 ## - FUENTE DE CATALOGACION [NR] | |
| Agencia de catalogación original [NR] | CO-BoUCM |
| Idioma de catalogación [NR] | spa |
| Quien Cataloga | |
| Quien Clasifica | Aldemar Mondragón |
| 041 00 - CODIGO DE IDIOMA [R] | |
| Código de idioma para texto/pista de sonido o título separado [R] | Español |
| 245 03 - MENCION DE TITULO [NR] | |
| Título [NR] | El camino latinoamericano hacia la competitividad políticas públicas para el desarrollo productivo y tecnológico |
| Mención de responsabilidad, etc. [NR] | Carlos Bonvecchi ... [y otros] ; Mario Cimoli, Beatriz García, Celso Garrido, coordinadores |
| 250 ## - MENCION DE EDICION [NR] | |
| Mención de edición [NR] | 2a ed |
| 260 3# - PUBLICACION, DISTRIBUCION, ETC. (PIE DE IMPRENTA) [R] | |
| Lugar de publicación, distribución, etc. [R] | México |
| Nombre del editor, distribuidor, etc. [R] | Universidad Autónoma Metropolitana |
| -- | Siglo Veintiuno |
| Fecha de publicación, distribución, etc. [R] | 2008 |
| 300 ## - DESCRIPCION FISICA [R] | |
| Extensión [R] | 354 páginas |
| Otros detalles físicos [NR] | gráficas y tablas |
| 490 0# - MENCION DE SERIE [R] | |
| Mención de serie [R] | Economía y Demografía |
| 504 ## - NOTA DE BIBLIOGRAFIA, ETC. [R] | |
| Nota de bibliografía, etc. [NR] | Incluye referencias bibliográficas e índices |
| 650 #7 - ASIENTO SECUNDARIO DE MATERIA - TERMINO TEMATICO [R] | |
| Término temático o nombre geográfico como elemento de entrada [NR] | Competencia económica |
| Subdivisión geográfica [R] | América Latina |
| 9 (RLIN) | 37618 |
| 650 #7 - ASIENTO SECUNDARIO DE MATERIA - TERMINO TEMATICO [R] | |
| Término temático o nombre geográfico como elemento de entrada [NR] | Desarrollo económico |
| Subdivisión geográfica [R] | América Latina |
| 9 (RLIN) | 37622 |
| 650 #7 - ASIENTO SECUNDARIO DE MATERIA - TERMINO TEMATICO [R] | |
| Término temático o nombre geográfico como elemento de entrada [NR] | Política industrial |
| Subdivisión geográfica [R] | América Latina |
| 9 (RLIN) | 37619 |
| 650 #7 - ASIENTO SECUNDARIO DE MATERIA - TERMINO TEMATICO [R] | |
| Término temático o nombre geográfico como elemento de entrada [NR] | Productividad industrial |
| Subdivisión geográfica [R] | América Latina. |
| 9 (RLIN) | 37621 |
| 650 #7 - ASIENTO SECUNDARIO DE MATERIA - TERMINO TEMATICO [R] | |
| Término temático o nombre geográfico como elemento de entrada [NR] | Tecnología |
| Subdivisión geográfica [R] | América Latina |
| 9 (RLIN) | 37620 |
| 651 #7 - ASIENTO SECUNDARIO DE MATERIA - NOMBRE GEOGRAFICO [R] | |
| Nombre geográfico [NR] | América Latina |
| Subdivisión general [R] | Política económica |
| 9 (RLIN) | 37623 |
| 690 ## - ASUNTO AGREGADO LOCAL DE ENTRADA - TÉRMINO TEMÁTICO (OCLC, RLIN) | |
| Acceso temático local | Economía |
| 700 1# - ASIENTO SECUNDARIO - NOMBRE PERSONAL [R] | |
| Nombre personal [NR] | Bonvecchi, Carlos |
| 9 (RLIN) | 37624 |
| 700 1# - ASIENTO SECUNDARIO - NOMBRE PERSONAL [R] | |
| Nombre personal [NR] | Cimoli, Mario |
| Término de relación [R] | coordinador |
| 9 (RLIN) | 37627 |
| 700 1# - ASIENTO SECUNDARIO - NOMBRE PERSONAL [R] | |
| Nombre personal [NR] | García, Beatriz |
| Término de relación [R] | coordinador |
| 9 (RLIN) | 37626 |
| 700 1# - ASIENTO SECUNDARIO - NOMBRE PERSONAL [R] | |
| Nombre personal [NR] | Garrido, Celso |
| Término de relación [R] | coordinador |
| 9 (RLIN) | 37625 |
| 942 ## - ELEMENTOS DE ENTRADA AGREGADOS (KOHA) | |
| Sistema de clasificación | DEWEY |
| Tema principal | Economía |
| Tipo de ítem principal el descrito en 300a | Libro de reserva |
| Edición | 2 |
| Clasificación | 338.06098 |
| Parte restante de la signatura top. | C183 |
| Signatura topográfica | Código de barras | Última vez visto | Volúmen / Fascículo | Ejemplar | Costo de reposición | Price effective from | Tipo de ítem | Perdido | Sistema de clasificación | Dañado | No prestable | Tipo de ítem específico | Suprimido | Ubicación habitual | Ubicación actual | Localización | Fecha de creación | Proveedor | Forma de adquisición | Costo | Fecha de último préstamo | Total préstamos |
|---|---|---|---|---|---|---|---|---|---|---|---|---|---|---|---|---|---|---|---|---|---|---|
| 338.06098 C183 | 100132204 | 04/12/2025 | 2a. Ed. | Ej.1 | 78457.00 | 10/05/2013 | Libro | DEWEY | Libro | Claustro | Claustro | Mezanine | 10/05/2013 | 15 | Compra | 79000.00 | ||||||
| 338.06098 C183 | 100139527 | 04/12/2025 | 2a.Ed. | Ej.2 | 82600.00 | 29/11/2013 | Libro | DEWEY | Libro | Claustro | Claustro | Mezanine | 29/11/2013 | 15 | Compra | 82600.00 | 06/02/2014 | 1 |